000 01356nam a22002777a 4500
003 DO-SdBNP
005 20211213123100.0
007 ta
008 211209b2018 dr ||||| |||| 00| p spa d
020 _a9789945614039
040 _aDO-SdBNP
_bspa
_cBNPHU
041 _hspa
082 4 _222
_bA452t
100 1 _a Almonte, Narciso
_975586
245 1 0 _aTiempo y espacio /
_cNarciso Almonte ; diseño e ilustración de portada ; Narciso Almonte, hijo ; corrección de estilo ; Juan Martínez Luque.
246 1 0 _aTiempo y espacio :
_bescritura de lo íntimo /
260 _aSanto Domingo :
_bSantuario,
_c2018.
300 _a42 p. ;
_bil. ;
_c23 cm.
500 _aIncluye datos biográficos del autor en la solapa de la cubierta
505 0 _aTiempo y espacio : escritura de lo íntimo / Odaliís G. Pérez -- A propósito de tiempo y espacio -- Pensando en versos -- Nada -- Nacer en el color de la isla -- Un mundo en rebeldía -- En la medida del tiempo -- Lidia -- Adina -- Paseo del sol -- Era septiembre -- En la sequía -- Una planta -- Antes de morir -- La vida continúa -- Dando vuelta en el espacio -- Remolino de sueños -- Comentario y crítica.
590 _aInventariado, 2021 /LP
700 1 _aAlmonte, Narciso (hijo),
_eil.
_980841
700 1 _aMartínez Luque, Juan,
_ecorr.
_973431
910 _aLopérez.
942 _2ddc
_cLBS1
999 _c51110
_d51110